Racimos de problemas: un vistazo a la problemática social y ambiental en las plantaciones bananeras de Costa Rica /
El folleto trata los problemas de sociales que se gestan en torno al desarrollo del cultivo del banano en el pais: a la calidad de vida, la riqueza natural, la cultura y los derechos laborales que son afectados por la producción bananera.a través de esta propuesta didáctica se busca contribuir a es...
Uloženo v:
| Hlavní autor: | |
|---|---|
| Korporativní autor: | |
| Médium: | Neznámo |
| Jazyk: | Spanish |
| Vydáno: |
Costa Rica :
foro Emaús
|
| Témata: | |
| Tagy: |
Přidat tag
Žádné tagy, Buďte první, kdo vytvoří štítek k tomuto záznamu!
|
MARC
| LEADER | 00000 a2200000 04500 | ||
|---|---|---|---|
| 001 | 44532 | ||
| 003 | |||
| 008 | 050620s1998 cr spa d | ||
| 040 | |||
| 020 | |a [sin Isbn] | ||
| 022 | |a [sin Isbn] | ||
| 090 | |a 1001 F727r | ||
| 100 | |a Amador, Marvin | ||
| 245 | |a Racimos de problemas: |b un vistazo a la problemática social y ambiental en las plantaciones bananeras de Costa Rica / |c Marvin Amador ; Foro Emaús | ||
| 260 | |a Costa Rica : |b foro Emaús | ||
| 300 | |a 17 páginas : |b Ilustraciones | ||
| 520 | |a El folleto trata los problemas de sociales que se gestan en torno al desarrollo del cultivo del banano en el pais: a la calidad de vida, la riqueza natural, la cultura y los derechos laborales que son afectados por la producción bananera.a través de esta propuesta didáctica se busca contribuir a esta realidad con el fin de aportar a la lucha por la defensa de los derechos, que pasa a criterio del Foro Emaus por una producción bananera más justa, económicamente más sostenible y ambientalmente sana, en la contribución por un respeto real y efectivo de los derechos humanos. | ||
| 590 | |a MVM/JULIO2013 | ||
| 650 | |a 1#EMPRESAS TRANSNACIONALES | ||
| 650 | |a 2#PROBLEMAS SOCIALES | ||
| 650 | |a 3#BANANOS | ||
| 650 | |2 LISTADO CIDCACS | ||
| 650 | |a 4#DERECHOS | ||
| 710 | |a Foro Emaús | ||
| 999 | |c 13139 |d 13139 | ||
